Gaming Quiz

Random Gaming or Logic Quiz

Say No to Tic-Tac-Toe! Quiz Stats

 Plays Quiz Updated Jan 25, 2017

Support Sporcle.
Go Orange.
Score 0/36 Timer 02:00
1 Play Today
box square % Correct


15


???
99.6%


16


???
99.4%


21


???
99.4%


22


???
99.3%


1


???
57.1%


2


???
57%


9


???
55.8%


10


???
55.4%


5


???
52.7%


3


???
51.9%


4


???
51.3%


27


???
49.6%


28


???
49.6%


17


???
47.5%


14


???
47.4%


8


???
46.7%


6


???
46.2%


20


???
45.6%
box square % Correct


11


???
45.5%


23


???
45.3%


32


???
41.1%


35


???
41%


26


???
40.7%


29


???
40.7%


34


???
38.8%


33


???
38.6%


18


???
38.2%


13


???
37.9%


19


???
37.3%


24


???
36.7%


7


???
36.6%


12


???
35.3%


31


???
34.9%


36


???
34.8%


25


???
30.6%


30


???
30.5%

You're not logged in!

Compare scores with friends on all Sporcle quizzes.
OR
Log In
Forgot?

From the Vault

'You' and 'Me' Song Titles

by JoeBeta

The group known as "everybody else" is being excluded.
Remove Ads.
Support Sporcle.
Get the best of Sporcle when you Go Orange. This ad-free experience offers more features, more stats, and more fun while also helping to support Sporcle. Thank you for becoming a member.

Show Comments

Extras

Top Quizzes Today


Score Distribution

Your Account Isn't Verified!

In order to create a playlist on Sporcle, you need to verify the email address you used during registration. Go to your Sporcle Settings to finish the process.

Report this User

Report this user for behavior that violates our Community Guidelines.

Details: